| 000 | 00789ngm a22003130a 4500 | ||
|---|---|---|---|
| 001 | PT34936 | ||
| 003 | AR-LpoUNG | ||
| 005 | 20210202000443.0 | ||
| 007 | vd cvaizq | ||
| 008 | 191001s2002||||ag |||||||||||||||||spa d | ||
| 040 |
_aAR-LpoUNG _bspa _cAR-LpoUNG _eaacr |
||
| 041 | _aspa | ||
| 044 | _aag | ||
| 082 | 0 | _a982.062 58ima | |
| 245 | 1 | 0 |
_aImágenes de la década peronista : _b1945-1955 |
| 260 |
_aBuenos Aires : _bMUNTREF, _c[2002]. |
||
| 300 | _aDVD : son., col. | ||
| 650 | 4 | _aARGENTINA | |
| 650 | 4 | _aHISTORIA | |
| 650 | 4 | _aHISTORIA POLITICA | |
| 651 | 4 | _aArgentina | |
| 653 | _aDOCUMENTALES | ||
| 653 | _aDVD | ||
| 653 | _aPERONISMO | ||
| 653 | _aVIDEOS | ||
| 710 | 2 | _aUniversidad Nacional de Tres de Febrero (Buenos Aires) | |
| 905 | _a34936 | ||
| 942 | _cDVD | ||
| 999 |
_c54867 _d54867 |
||